| 000 | 00554cam a2200205ua 4500 | ||
|---|---|---|---|
| 001 | 5762 | ||
| 005 | 20260515113931.0 | ||
| 008 | 131028n ii |||gr||||Z||||||eng | ||
| 040 | _cMAIN | ||
| 082 | _a934 | ||
| 245 |
_aSimple History of Ancient India _cBy K.L. Khurana |
||
| 250 | _a1st ed. | ||
| 260 |
_aAgra: _bLaxmi Narain Agarwal Educational Publishers, _c1985. |
||
| 300 | _ax,539p. | ||
| 653 | _aIndia to 647 | ||
| 653 | _aSimple History of Ancient India | ||
| 700 |
_aKhurana,K.L., _eAuthor., |
||
| 700 |
_aSharma,R.C., _eAuthor., |
||
| 942 | _cBK | ||
| 999 |
_c4915 _d4915 |
||